Państwa Morza Śródziemnego - Quiz na mapie - Statystyki

Ogólne statystyki
  • Ten quiz został rozwiązany 12 162 razy
  • Średni wynik to 19 z 22
Odpowiedzi na mapie
Odpowiedzi zakodowano w zielono-czerwonej skali na mapie do tego quizu, zgodnie z poniższymi procentami.
 
Statystyki odpowiedzi
Odpowiedź % Poprawnych
Włochy
96%
Francja
95%
Hiszpania
95%
Grecja
89%
Monako
88%
Turcja
88%
Chorwacja
87%
Egipt
87%
Maroko
87%
Cypr
86%
Malta
86%
Bośnia i Hercegowina
84%
Słowenia
83%
Tunezja
82%
Albania
81%
Algieria
81%
Czarnogóra
81%
Izrael
81%
Syria
78%
Libia
77%
Liban
71%
Palestyna
69%
Nie znaleziono quizów pasujących do podanych kryteriów
Rozkład punktacji
Procent ludzi z każdym wynikiem
Percentyl według liczby udzielonych odpowiedzi
Twoja historia wyników
Nie rozwiązałeś tego quizu